Every S-Tier Winner in Age of Empires 2 - Statistics

General Stats
  • This quiz has been taken 14 times
  • The average score is 55 of 95
Answer Stats
Tournament Date Prize Pool Winner Nationality Winner % Correct
Hidden Cup 4 Mar 2021 $87,240 Canada Hera
100%
HOLY Cup Oct 2021 $15,000 Canada Hera
100%
The Grand Melee Dec 2022 $100,000 Canada Hera
100%
Nili's Apartment Cup 4 Mar 2023 $85,747 Canada Hera
100%
King of the Desert 5 May 2023 $80,000 Canada Hera
100%
T90 Titans League 3: Platinum Sep-Oct 2023 $17,300 Canada Hera
100%
Warlords 2 Nov 2023 $50,000 Canada Hera
100%
Nili's Apartment Cup 5 Jan 2024 $72,872 Canada Hera
100%
Hidden Cup 5 Feb-Mar 2024 $70,624 Canada Hera
100%
Warlords 3 Jun 2024 $50,147 Canada Hera
100%
Red Bull Wololo: El Reinado Oct 2024 $138,000 Canada Hera
100%
Noble Apartment Cup Dec 2024 $50,637 Canada Hera
100%
T90 Titans League 4: Platinum Jan-Mar 2025 $32,800 Canada Hera
100%
The Garrison Mar 2025 $40,000 Canada Hera
100%
Clash of the Titans Oct-Dec 2013 $21,200 Norway TheViper
100%
WSVG World Championship Oct 2015 $10,000 Norway TheViper
100%
Escape Gaming - Euro Cup Aug 2017 $5,800 Norway TheViper
100%
King of the Desert Nov-Dec 2017 $4,055 Norway TheViper
100%
Nili's Apartment Cup Jul 2018 $2,500 Norway TheViper
100%
King of the Desert 2 Dec-Feb 2018/19 $15,800 Norway TheViper
100%
Nili's Apartment Cup 2 Feb 2019 $14,000 Norway TheViper
100%
Hidden Cup 2 Apr 2019 $10,200 Norway TheViper
100%
Nili's Apartment Cup 3 Jan 2020 $33,259 Norway TheViper
100%
Hidden Cup 3 Mar 2020 $50,228 Norway TheViper
100%
Death Match World Cup 3 Jun-Aug 2020 $10,000 Norway TheViper
100%
Death Match World Cup 4 Apr-May 2021 $10,000 Norway TheViper
100%
Red Bull Wololo 5: Enthrone Sep 2021 $100,000 Norway TheViper
100%
King of the Desert 4 Nov-Dec 2021 $75,020 Norway TheViper
100%
Wandering Warriors Cup Jan-Feb 2022 $25,000 Norway TheViper
100%
Warlords Nov 2022 $30,000 Norway TheViper
100%
T90 Titans League 2: Platinum Jan-Feb 2023 $17,300 Norway TheViper
100%
The Brain Champion Cup 2 Feb-May 2009 $10,000 Serbia DauT
90%
Master of the Huns Jan-Mar 2010 $3,650 Serbia DauT
90%
Red Bull Wololo 3 Jan 2021 $30,000 Serbia DauT
90%
Mangrove Shallows Cup Jun-Aug 2019 $10,800 China Yo
90%
Red Bull Wololo Apr-May 2020 $22,188 China Yo
90%
The Open Classic Jul 2021 $35,000 China Yo
90%
The Resurgence May 2022 $10,000 China Yo
90%
RMS Cup 2 Jul 2022 $18,400 China Yo
90%
Red Bull Wololo: Legacy Oct 2022 $200,000 Spain TaToH
80%
Red Bull Wololo 2 Aug 2020 $30,000 Austria Liereyy
70%
King of the Desert 3 Sep-Oct 2020 $50,000 Austria Liereyy
70%
Red Bull Wololo 4 Jun 2021 $30,000 Austria Liereyy
70%
Battle of Africa 2 May-Jun 2020 $20,000 Worldwide Aftermath
60%
Battle of Africa 3 Jun 2022 $30,000 Worldwide Aftermath
60%
Empire Wars Duo 2 Aug-Sep 2021 $21,884 Worldwide Aftermath (B)
60%
SAX Nations Cup Oct-Nov 2024 $46,000 ? China
60%
SY Nations Cup May-Aug 2014 $29,000 ? China (A)
60%
SY Nations Cup 2 Jul-Oct 2015 $47,400 ? China (A)
60%
2v2 World Cup 2020 Nov-Dec 2020 $28,570 ? China (A)
60%
Nations Cup 2023 Feb-Jun 2023 $16,759 ? China (A)
60%
Death Match World Cup 5 Sep 2022 $10,000 Austria FreakinAndy
60%
World Desert Championship 2 Sep 2024 $30,000 Worldwide GamerLegion
60%
T90 Titans League: Platinum Jun-Aug 2022 $17,300 Russia Vinchester
60%
MFO AOC Tourney Nov-Dec 2002 $3,950 Canada Chris
50%
Arbalet Cup 3 Aug 2003 $7,000 Canada Chris
50%
Global Gaming League 2004 Jun-Mar 2004/05 $8,000 Canada Chris
50%
MVP 2 Jun-Aug 2005 $1,000 Canada Chris
50%
Back to Almaty Aug-Sep 2005 $4,900 Canada Chris
50%
Arbalet Cup 4 Jan 2007 $10,000 Canada Chris
50%
World Clan League 7 May-Nov 2011 $7,035 Worldwide TyRanT
50%
The Tribal Wars 2012 Apr-Jul 2012 $15,000 Worldwide TyRanT
50%
The Medieval Wars 2013 Jul-Sep 2013 $9,300 Worldwide TyRanT
50%
Clan Masters: Invitational Nov-Dec 2015 $5,000 Worldwide TyRanT
50%
Battle of Africa Mar-Apr 2018 $6,503 Worldwide TyRanT
50%
Escape Champions League Aug-Sep 2019 $8,760 Worldwide Team Secret
40%
Nations Cup 2009 Aug-Feb 2009/10 $1,000 ? Brazil (A)
30%
SY Nations Cup 3 Jul-Nov 2017 $30,309 ? Brazil (B)
30%
Two Pools 2 Apr 2021 $10,753 Worldwide Tempo Storm
30%
The Brain Champion Cup 3 Mar-May 2010 $11,400 Brazil RiuT
20%
Lord of Maps Apr 2003 $1,600 Argentina Capoch
10%
The Conquering Hero Dec 2003 $2,000 Argentina Capoch
10%
World Cyber Games 2001: Nations Dec 2001 $11,000 ? South Korea
10%
JuNo Cup 3 May-Jun 2005 $725 Germany Bender
0%
World Clan League Feb-Jun 2004 $25,000 Worldwide Berserkers
0%
World Clan League 2 Jul-Dec 2004 $11,320 Worldwide Berserkers
0%
World Clan League 4 Sep-Feb 2005/06 $20,000 Worldwide Berserkers
0%
Simply the Best Jun-Jul 2004 $700 China BT4
0%
World Clan League 5 Sep-Dec 2006 $5,000 Worldwide Crime Scene Investigators
0%
Arbalet Cup 2 Jun-Jul 2002 $10,000 Japan Halen
0%
World Cyber Games 2002 Oct-Nov 2002 $43,000 Japan Halen
0%
World Cyber Games 2001 Dec 2001 $35,000 Taiwan IamKmkm
0%
Arbalet Cup Mar-Apr 2002 $5,000 South Korea Koven
0%
International Tournament 2001 Nov 2001 $95,000 South Korea __Mossar
0%
World Cyber Games Challenge 2000 Oct 2000 $50,000 South Korea MoZory
0%
The Brain Champion Cup Jan-Apr 2008 $7,250 Spain Ruso
0%
MVP Jan-Mar 2004 $1,000 Serbia Shmeker
0%
HEAT.NET - Spring Fever Apr 2000 $5,015 United States SHSDisciple
0%
Clan Masters: The Final Showdown Jun-Oct 2016 $29,550 China SY
0%
World Clan League 3 Jan-Jun 2005 $15,000 Worldwide The Legion Clan
0%
World Clan League 6 Jul-Oct 2007 $10,000 Worldwide The Legion Clan
0%
War is Coming Nov-Mar 2014/15 $110,000 Worldwide TyRanT Legends
0%
AmeriCup Apr-Aug 2005 $4,000 Serbia Vegeta
0%
MVP 3 Dec-Feb 2005/06 $429 Serbia Vegeta
0%
Masters of AoC Nov 2003 $2,236 Hong Kong Yanzi
0%
No matching quizzes found
Score Distribution
Percent of People with Each Score
Percentile by Number Answered
Your Score History
You have not taken this quiz